书目信息 |
| 题名: |
台湾一直走
|
|
| 作者: | 刘二囍 著 | |
| 分册: | ||
| 出版信息: | 广州 广东旅游出版社 2017.01 |
|
| 页数: | 203页 | |
| 开本: | 23cm | |
| 丛书名: | ||
| 单 册: | ||
| 中图分类: | K928.958 | |
| 科图分类: | ||
| 主题词: | 旅游指南--lu^ you zhi nan--台湾 | |
| 电子资源: | ||
| ISBN: | 978-7-5570-0219-0 | |
| 000 | 00912nam0 2200253 450 | |
| 001 | CAL 0120161946636 | |
| 005 | 20171211153055.35 | |
| 010 | @a978-7-5570-0219-0@b@dCNY38.00 | |
| 100 | @a20170116d2017 em y0chiy50 ea | |
| 101 | 0 | @achi |
| 102 | @aCN@b440000 | |
| 105 | @aa z 000yy | |
| 106 | @ar | |
| 200 | 1 | @a台湾一直走@Atai wan yi zhi zou@f刘二囍著@Fliu er heui zhu@g |
| 210 | @a广州@c广东旅游出版社@d2017.01 | |
| 215 | @a203页@c彩图@d23cm | |
| 314 | @a刘二囍, 写手、建筑师、广州不打烊书店1200bookshop创办人。 | |
| 330 | @a本书主要内容包括: 我是二十来岁的年轻人、前戏、千里之行 始于东海、从海角走到山崖、台13线、你所悔憾没有被拓长的时光、在路上 我不是一个人、从这里跌到 从这里出发等。 | |
| 606 | 0 | @a旅游指南@Alu^ you zhi nan@y台湾 |
| 690 | @aK928.958@v5 | |
| 701 | 0 | @a刘二囍@Aliu er heui@4著@4著 |
| 801 | 0 | @aCN@b人天书店@c20170116@g |
| 905 | @aBZT@dK928.958@e2 | |
| 906 | @dCNY38.00@n3@r1 | |
| 台湾一直走/刘二囍著.-广州:广东旅游出版社,2017.01 |
| 203页:彩图;23cm |
| ISBN 978-7-5570-0219-0:CNY38.00 |
| 本书主要内容包括: 我是二十来岁的年轻人、前戏、千里之行 始于东海、从海角走到山崖、台13线、你所悔憾没有被拓长的时光、在路上 我不是一个人、从这里跌到 从这里出发等。 |
| ● |
| 相关链接 |
|
|
|
正题名:台湾一直走
索取号:K928.958/2
 
预约/预借
| 序号 | 登录号 | 条形码 | 馆藏地/架位号 | 状态 | 备注 |
| 1 | 836242 | 2000836242 | 第二书库/ [索取号:K928.958/2] | 在馆 | |
| 2 | 836243 | 2000836243 | 第二书库/ [索取号:K928.958/2] | 在馆 | |
| 3 | 836244 | 2000836244 | 第二书库/ [索取号:K928.958/2] | 在馆 |